[Event "Main Vogelsberg op 14th"]
[Site "Waechtersbach"]
[Date "2019.06.10"]
[Round "6"]
[White "Enders, Georg"]
[Black "Schreiber, Edgar"]
[Result "0-1"]
[WhiteElo "1429"]
[BlackElo "1096"]
[PlyCount "38"]
[EventDate "2019.06.07"]
[EventType "swiss"]
[EventRounds "7"]
[EventCountry "GER"]
[SourceTitle "CBM 190 Extra"]
[Source "ChessBase"]
[SourceDate "2019.07.15"]
[SourceVersion "1"]
[SourceVersionDate "2019.07.15"]
[SourceQuality "1"]

1. e4 e5 2. f4 Qh4+ 3. g3 Qe7 4. d3 b6 5. Nf3 Nc6 6. c3 Bb7 7. Be3 0-0-0 8. Bg2 d5 9. Qc2 Nf6 10. Bh3+ Kb8 11. Nbd2 g6 12. 0-0 h5 13. Bg2 Bh6 14. Nh4 Ng4 15. Bf2 exf4 16. Nhf3 fxg3 17. hxg3 Nxf2 18. Kxf2 f5 19. exd5 Qe3# 0-1

[Event "Main Vogelsberg op 14th"]
[Site "Waechtersbach"]
[Date "2019.06.07"]
[Round "1"]
[White "Enders, Georg"]
[Black "Pishanidar, Borzou"]
[Result "0-1"]
[WhiteElo "1429"]
[BlackElo "1765"]
[PlyCount "97"]
[EventDate "2019.06.07"]
[EventType "swiss"]
[EventRounds "7"]
[EventCountry "GER"]
[SourceTitle "CBM 190 Extra"]
[Source "ChessBase"]
[SourceDate "2019.07.15"]
[SourceVersion "1"]
[SourceVersionDate "2019.07.15"]
[SourceQuality "1"]

1. e4 e5 2. f4 d6 3. Nf3 Bg4 4. Be2 Bxf3 5. Bxf3 Nc6 6. c3 exf4 7. d4 g5 8. 0-0 Nce7 9. Nd2 Bg7 10. Nb3 c6 11. Re1 Qb6 12. Kh1 0-0-0 13. Bh5 h6 14. Bxf7 Nf6 15. Qe2 Rhf8 16. Be6+ Kb8 17. e5 Ne8 18. exd6 Nxd6 19. Nc5 Qc7 20. Ne4 Nxe4 21. Qxe4 Rde8 22. Qf3 Ng6 23. Bd2 Ne5 24. Rxe5 Bxe5 25. Qg4 Bd6 26. h3 Qg7 27. h4 h5 28. Qxg5 Qxg5 29. hxg5 Rxe6 30. Rf1 Re2 31. Bc1 h4 32. c4 h3 33. g3 fxg3 34. Rxf8+ Bxf8 35. Bf4+ Kc8 36. Bxg3 Kd7 37. Kg1 Rg2+ 38. Kh1 Rxg3 39. Kh2 Bd6 40. c5 Bc7 41. b4 Ke6 42. b5 Kf5 43. b6 axb6 44. cxb6 Bb8 45. d5 Kf4 46. d6 Bxd6 47. a4 Kf3 48. a5 Rxg5+ 49. Kh1 0-1

[Event "Main Vogelsberg op 10th"]
[Site "Hanau"]
[Date "2015.05.25"]
[Round "6"]
[White "Enders, Georg"]
[Black "Traut, Stefan"]
[Result "1-0"]
[WhiteElo "1612"]
[BlackElo "1547"]
[PlyCount "165"]
[EventDate "2015.05.22"]
[EventType "swiss"]
[EventRounds "7"]
[EventCountry "GER"]
[SourceTitle "EXT 2016"]
[Source "ChessBase"]
[SourceDate "2015.10.08"]
[SourceVersion "1"]
[SourceVersionDate "2015.10.08"]
[SourceQuality "1"]

1. c4 c5 2. g3 Nf6 3. Bg2 g6 4. Nc3 Bg7 5. e3 0-0 6. Nge2 d6 7. 0-0 Nbd7 8. d4 a6 9. b3 Rb8 10. a4 b6 11. Bb2 Bb7 12. d5 Qc7 13. Qd2 Rbd8 14. Rad1 Bc8 15. e4 Rfe8 16. Rfe1 h6 17. f4 Nh7 18. Nb1 f6 19. h3 Rf8 20. Rf1 Rf7 21. Kh2 Ndf8 22. Ng1 Nd7 23. Nf3 Rdf8 24. Nh4 g5 25. Ng6 Re8 26. fxg5 hxg5 27. Bf3 Rd8 28. Bh5 Nhf8 29. h4 Bh6 30. Nxf8 Rfxf8 31. Qe2 Ne5 32. Bxe5 dxe5 33. Bg4 Bd7 34. Nc3 Qc8 35. Bf5 Bxf5 36. exf5 Rd7 37. Qh5 Bg7 38. Qg6 Qe8 39. h5 Qxg6 40. hxg6 Rfd8 41. Kg2 Bh6 42. g4 Kg7 43. Rh1 Rh8 44. Ne4 Rhd8 45. Ng3 Rh8 46. Rh3 Rdd8 47. Rdh1 Rb8 48. Nh5+ Kg8 49. Rd1 Rd8 50. Rhd3 Bf8 51. d6 Rxd6 52. Rxd6 exd6 53. g7 Bxg7 54. Nxg7 Kxg7 55. Rxd6 Rb8 56. Rd7+ Kf8 57. Kf3 Ke8 58. Rd6 Ke7 59. Re6+ Kf7 60. Ke4 Rd8 61. Rxb6 Rd4+ 62. Kf3 Rd3+ 63. Kf2 Rd2+ 64. Ke3 Rg2 65. Kf3 Rb2 66. Rb7+ Kf8 67. Kg3 Rb1 68. Rb6 Kf7 69. Kf3 Rb2 70. Ke3 Rg2 71. a5 Rb2 72. Rxa6 Rxb3+ 73. Kf2 Rc3 74. Rb6 Rxc4 75. a6 Rxg4 76. a7 Ra4 77. Rb7+ Kf8 78. Rb8+ Ke7 79. a8Q Rxa8 80. Rxa8 Kd6 81. Ke3 Kd5 82. Rf8 c4 83. Rc8 1-0

[Event "Main Vogelsberg op 7th"]
[Site "Hanau"]
[Date "2012.06.07"]
[Round "1"]
[White "Kirchner, Stefan2222"]
[Black "Enders, Georg"]
[Result "0-1"]
[WhiteElo "1276"]
[BlackElo "1978"]
[PlyCount "92"]
[EventDate "2012.06.07"]
[EventType "swiss"]
[EventRounds "7"]
[EventCountry "GER"]
[SourceTitle "EXT 2013"]
[Source "ChessBase"]
[SourceDate "2012.11.22"]
[SourceVersion "1"]
[SourceVersionDate "2012.11.22"]
[SourceQuality "1"]

1. d4 Nf6 2. c4 g6 3. Nc3 d5 4. Nf3 Bg7 5. Bg5 c6 6. Qb3 dxc4 7. Qxc4 Nbd7 8. e4 Nb6 9. Qd3 0-0 10. h3 Be6 11. Be2 Qd7 12. Ne5 Qd8 13. f4 Nfd7 14. Nf3 Bc4 15. Qd2 f6 16. Bh4 Bf7 17. g4 Nc4 18. Qc1 Qa5 19. 0-0 Rac8 20. Be1 Qd8 21. b3 Ncb6 22. Bh4 h6 23. Qa3 Qc7 24. e5 Rfe8 25. Rac1 Qb8 26. Rfe1 g5 27. Bg3 Nd5 28. Bc4 e6 29. Ne4 Nxf4 30. exf6 Nxf6 31. Qd6 N6d5 32. Ne5 Red8 33. Qxb8 Rxb8 34. Bf1 Kf8 35. Nc5 Ke7 36. Nxf7 Bxd4+ 37. Kh1 Kxf7 38. Ne4 e5 39. a4 Nf6 40. Bc4+ Kg6 41. Nf2 Bxf2 42. Bxf2 Nd3 43. Bxd3+ Rxd3 44. Re3 e4 45. Rc3 Rd1+ 46. Kg2 Nd5 0-1

[Event "Main Vogelsberg op 6th"]
[Site "Hanau"]
[Date "2011.06.05"]
[Round "6"]
[White "Beck, Manfred"]
[Black "Enders, Georg"]
[Result "1/2-1/2"]
[WhiteElo "1855"]
[BlackElo "1681"]
[PlyCount "47"]
[EventDate "2011.06.02"]
[EventType "swiss"]
[EventRounds "7"]
[EventCountry "GER"]
[SourceTitle "CBM 142 Extra"]
[Source "ChessBase"]
[SourceDate "2011.06.27"]
[SourceVersion "1"]
[SourceVersionDate "2011.06.27"]
[SourceQuality "1"]

1. c4 e5 2. Nc3 Nf6 3. g3 Nc6 4. Bg2 d6 5. e3 Be6 6. b3 Be7 7. Nge2 Qd7 8. Nd5 Bxd5 9. cxd5 Nb4 10. 0-0 Nbxd5 11. Qc2 c6 12. Bb2 0-0 13. d4 Qc7 14. dxe5 dxe5 15. Rfd1 Rad8 16. a3 Rfe8 17. Rac1 Qb8 18. h3 a6 19. g4 Nb6 20. Ng3 g6 21. e4 Rxd1+ 22. Rxd1 Rd8 23. Bf3 Rxd1+ 24. Qxd1 1/2-1/2

[Event "Rhein Main op 13th"]
[Site "Bad Homburg"]
[Date "2010.06.03"]
[Round "2"]
[White "Enders, Georg"]
[Black "Herbold, Manfred"]
[Result "0-1"]
[WhiteElo "1965"]
[BlackElo "2172"]
[PlyCount "54"]
[EventDate "2010.06.02"]
[EventType "swiss"]
[EventRounds "7"]
[EventCountry "GER"]
[SourceTitle "EXT 2011"]
[Source "ChessBase"]
[SourceDate "2010.11.26"]
[SourceVersion "1"]
[SourceVersionDate "2010.11.26"]
[SourceQuality "1"]

1. e4 Nc6 2. d4 d5 3. e5 f6 4. Nf3 Bf5 5. Bd3 Qd7 6. c3 fxe5 7. dxe5 Bxd3 8. Qxd3 e6 9. 0-0 Nge7 10. Bf4 h6 11. h4 0-0-0 12. Nbd2 Nf5 13. Bh2 g5 14. hxg5 Qg7 15. Bf4 hxg5 16. Nxg5 Qe7 17. Ndf3 Bh6 18. Rfe1 Rdg8 19. Qd2 Rg6 20. Kf1 Qg7 21. g4 Nfe7 22. Ke2 d4 23. c4 Bxg5 24. Bxg5 Nxe5 25. Bf4 d3+ 26. Kd1 Nxf3 27. Qa5 Nc6 0-1

[Event "Hessen-ch Gr-C 64th"]
[Site "Bad Vilbel"]
[Date "2010.04.02"]
[Round "5"]
[White "Enders, Georg"]
[Black "Tonn, Peter"]
[Result "0-1"]
[WhiteElo "2011"]
[BlackElo "2000"]
[PlyCount "70"]
[EventDate "2010.03.31"]
[EventType "swiss"]
[EventRounds "7"]
[EventCountry "GER"]
[SourceTitle "EXT 2011"]
[Source "ChessBase"]
[SourceDate "2010.11.26"]
[SourceVersion "1"]
[SourceVersionDate "2010.11.26"]
[SourceQuality "1"]

1. e4 d6 2. d4 Nf6 3. Nc3 g6 4. Bg5 Bg7 5. Qd2 h6 6. Be3 e5 7. dxe5 dxe5 8. Qxd8+ Kxd8 9. 0-0-0+ Bd7 10. Bc4 Ke8 11. f3 h5 12. Nge2 Bh6 13. Bxh6 Rxh6 14. Rd2 Ke7 15. Rhd1 c6 16. Rd6 Rh8 17. b4 Rc8 18. f4 Ng4 19. R1d3 exf4 20. Bb3 Ne5 21. Rd2 f3 22. gxf3 Nxf3 23. R2d3 Nxh2 24. Bxf7 Kxf7 25. Rxd7+ Nxd7 26. Rxd7+ Ke6 27. Rxb7 Nf3 28. Rh7 Rh8 29. Rc7 Kd6 30. Rf7 Ne5 31. Rg7 h4 32. Nf4 Rag8 33. Rxa7 h3 34. b5 h2 35. bxc6 h1Q+ 0-1

[Event "Frankfurt-ch"]
[Site "Frankfurt"]
[Date "2009.06.29"]
[Round "7"]
[White "Enders, Georg"]
[Black "Sallwey, Rainer"]
[Result "1-0"]
[WhiteElo "2011"]
[BlackElo "1570"]
[PlyCount "62"]
[EventDate "2009.04.27"]
[EventType "tourn"]
[EventRounds "7"]
[EventCountry "GER"]
[SourceTitle "EXT 2010"]
[Source "ChessBase"]
[SourceDate "2010.11.25"]
[SourceVersion "1"]
[SourceVersionDate "2010.11.25"]
[SourceQuality "1"]

1. e4 d5 2. exd5 Qxd5 3. Nc3 Qd6 4. d4 Nf6 5. Nf3 a6 6. Bg5 Bf5 7. Bd3 Bg4 8. h3 Bh5 9. g4 Bg6 10. Bxg6 hxg6 11. Ne5 Nc6 12. Nxc6 Qxc6 13. d5 Qd6 14. Qf3 Qe5+ 15. Be3 0-0-0 16. 0-0-0 g5 17. h4 Nh7 18. Kb1 Qf6 19. Qg3 gxh4 20. Rxh4 g5 21. Rhh1 Qg6 22. f4 gxf4 23. Bxf4 Rd7 24. Na4 e6 25. dxe6 Qxe6 26. Rde1 Qc6 27. Re8+ Rd8 28. Rxd8+ Kxd8 29. Rd1+ Kc8 30. Nc3 Bg7 31. Nd5 Rd8 1-0

[Event "Frankfurt-ch"]
[Site "Frankfurt"]
[Date "2009.05.18"]
[Round "4"]
[White "Steiz, Johann"]
[Black "Enders, Georg"]
[Result "0-1"]
[WhiteElo "1497"]
[BlackElo "2011"]
[PlyCount "87"]
[EventDate "2009.04.27"]
[EventType "tourn"]
[EventRounds "7"]
[EventCountry "GER"]
[SourceTitle "EXT 2010"]
[Source "ChessBase"]
[SourceDate "2010.11.25"]
[SourceVersion "1"]
[SourceVersionDate "2010.11.25"]
[SourceQuality "1"]

1. e4 e5 2. Nf3 Nf6 3. d4 Nxe4 4. dxe5 d6 5. Qd5 Nc5 6. Bf4 Be6 7. Qd4 Nc6 8. Bb5 Bd7 9. Qe3 Ne6 10. exd6 cxd6 11. 0-0 Be7 12. Bg3 0-0 13. Nc3 a6 14. Bd3 Nc5 15. Rad1 Nxd3 16. Qxd3 Bg4 17. Bxd6 Bxd6 18. Qxd6 Bxf3 19. Qxd8 Raxd8 20. gxf3 Nd4 21. Rc1 Nxf3+ 22. Kg2 Nd4 23. Rfd1 Rfe8 24. Rd2 Rd6 25. Rcd1 Rg6+ 26. Kh1 Nf3 27. Rd3 Ne5 28. Rd8 Kf8 29. Rxe8+ Kxe8 30. Ne4 Ke7 31. b3 b6 32. c4 Ng4 33. f3 Ne5 34. f4 Nf3 35. Rf1 Nd4 36. f5 Rh6 37. Kg2 f6 38. Rf2 Rh4 39. Nc3 Kd6 40. Kg3 Rh5 41. Kg4 Rg5+ 42. Kh4 Rxf5 43. Rd2 Ke5 44. Nd5 0-1

[Event "Frankfurt-ch"]
[Site "Frankfurt"]
[Date "2008.05.19"]
[Round "3"]
[White "Enders, Georg"]
[Black "Bittner, Peter"]
[Result "1/2-1/2"]
[WhiteElo "2042"]
[BlackElo "1966"]
[PlyCount "109"]
[EventDate "2008.04.28"]
[EventType "swiss"]
[EventRounds "7"]
[EventCountry "GER"]
[SourceTitle "EXT 2009"]
[Source "ChessBase"]
[SourceDate "2008.11.26"]
[SourceVersion "1"]
[SourceVersionDate "2008.11.26"]
[SourceQuality "1"]

1. e4 e5 2. Nf3 Nc6 3. Bb5 d6 4. c3 a6 5. Ba4 Nf6 6. 0-0 Bg4 7. d3 Be7 8. Bg5 0-0 9. Nbd2 b5 10. Bc2 Rc8 11. Re1 h6 12. Be3 Qd7 13. b4 Nd8 14. a4 c5 15. bxc5 dxc5 16. axb5 axb5 17. h3 Bxf3 18. Nxf3 Nc6 19. Qd2 Kh7 20. Ra6 Ra8 21. Rea1 Rxa6 22. Rxa6 Qb7 23. Ra2 Rd8 24. Qe1 Bd6 25. Qa1 Nh5 26. d4 cxd4 27. cxd4 Nb4 28. dxe5 Nxa2 29. exd6 Nb4 30. Bb1 Nc6 31. e5+ g6 32. Be4 Qd7 33. Qa2 Rc8 34. Bd2 Ng7 35. Qb3 Nd8 36. Bd3 Rb8 37. Nd4 b4 38. Bc4 Nge6 39. Nxe6 Nxe6 40. Be3 Kg7 41. f4 Nd8 42. Qd3 Qf5 43. Qb3 Qe4 44. Bd5 Qf5 45. g4 Qd7 46. Qb2 Kh7 47. Be4 Qa4 48. f5 Qd1+ 49. Kg2 gxf5 50. Bxf5+ Kg8 51. Bxh6 Ne6 52. Qc2 Qxc2+ 53. Bxc2 b3 54. Bb1 b2 55. Be3 1/2-1/2

[Event "Hessen-ch Gr-C 62nd"]
[Site "Hanau"]
[Date "2008.03.22"]
[Round "6"]
[White "Enders, Georg"]
[Black "Juhnke, Peter"]
[Result "0-1"]
[WhiteElo "2042"]
[BlackElo "1917"]
[PlyCount "125"]
[EventDate "2008.03.19"]
[EventType "swiss"]
[EventRounds "7"]
[EventCountry "GER"]
[SourceTitle "CBM 123 Extra"]
[Source "ChessBase"]
[SourceDate "2008.05.06"]
[SourceVersion "1"]
[SourceVersionDate "2008.05.06"]
[SourceQuality "1"]

1. e4 e6 2. d4 d5 3. Nd2 Nf6 4. e5 Nfd7 5. Bd3 c5 6. c3 Nc6 7. Ne2 Be7 8. 0-0 f5 9. Nf4 Nf8 10. Nf3 Qb6 11. b3 cxd4 12. cxd4 Bd7 13. Bb2 Ng6 14. Ne2 Nb4 15. Bb1 Bb5 16. Re1 Bxe2 17. Rxe2 Nf4 18. Rd2 g5 19. a3 Nc6 20. Ne1 h5 21. Nd3 Nxd3 22. Bxd3 g4 23. Be2 Kf7 24. Rd3 Rac8 25. Rc1 Bg5 26. Rc2 Rcg8 27. Bc1 f4 28. Kh1 Ne7 29. Rdc3 Nf5 30. Rc7+ Kg6 31. Bd3 Qxb3 32. Qd2 Qb6 33. g3 Rg7 34. Bxf5+ exf5 35. Rxg7+ Kxg7 36. gxf4 Be7 37. Qc3 Qb5 38. Qe1 Bd8 39. e6 Bf6 40. Bb2 Qb6 41. e7 Re8 42. Re2 Kf7 43. Bc3 Rxe7 44. Rxe7+ Bxe7 45. Kg2 h4 46. h3 gxh3+ 47. Kxh3 Bf6 48. Qh1 Qb3 49. Qf3 Ke6 50. Qe3+ Kd7 51. Qd3 Kc6 52. Kh2 Qxa3 53. Qe3 Qe7 54. Qd2 b6 55. Bb4 Qd7 56. Qd3 Kb7 57. Bc3 Be7 58. Qf3 a5 59. Qd3 a4 60. Qb1 b5 61. Ba5 Bd6 62. Qc1 Bc7 63. Bb4 0-1

[Event "Hessen-ch Gr-C 62nd"]
[Site "Hanau"]
[Date "2008.03.20"]
[Round "2"]
[White "Enders, Georg"]
[Black "Zimmerer, David"]
[Result "1-0"]
[WhiteElo "2042"]
[BlackElo "1808"]
[PlyCount "43"]
[EventDate "2008.03.19"]
[EventType "swiss"]
[EventRounds "7"]
[EventCountry "GER"]
[SourceTitle "CBM 123 Extra"]
[Source "ChessBase"]
[SourceDate "2008.05.06"]
[SourceVersion "1"]
[SourceVersionDate "2008.05.06"]
[SourceQuality "1"]

1. e4 c5 2. Nf3 Nc6 3. Bb5 e6 4. 0-0 Nge7 5. c3 d5 6. exd5 Qxd5 7. c4 Qd8 8. d4 a6 9. Ba4 cxd4 10. Nxd4 Bd7 11. Nf3 g6 12. Nc3 Nb8 13. Ne4 Nf5 14. Bg5 Be7 15. Bxe7 Kxe7 16. Qb3 Bxa4 17. Qxa4 Qd7 18. Qa3+ Nd6 19. Rad1 Rd8 20. Nxd6 Qc6 21. Nxb7+ Kf6 22. Qc3+ 1-0

[Event "Frankfurt-ch"]
[Site "Frankfurt"]
[Date "2007.05.21"]
[Round "4"]
[White "Enders, Georg"]
[Black "Henrich, Thomas"]
[Result "0-1"]
[WhiteElo "2042"]
[BlackElo "2179"]
[PlyCount "58"]
[EventDate "2007.04.30"]
[EventType "swiss"]
[EventRounds "7"]
[EventCountry "GER"]
[SourceTitle "EXT 2008"]
[Source "ChessBase"]
[SourceDate "2007.11.25"]
[SourceVersion "1"]
[SourceVersionDate "2007.11.25"]
[SourceQuality "1"]

1. e4 c5 2. Nf3 d6 3. d4 cxd4 4. Nxd4 Nf6 5. Nc3 a6 6. Be3 e5 7. Nb3 Be6 8. Be2 Be7 9. Qd2 Nbd7 10. 0-0 b5 11. a3 Rc8 12. Rad1 0-0 13. f3 Nb6 14. Na5 d5 15. exd5 Nbxd5 16. Nxd5 Nxd5 17. Nb3 Nxe3 18. Qxe3 Qc7 19. Rc1 h6 20. f4 exf4 21. Qe4 Rfe8 22. Bd3 g6 23. Qf3 Bxb3 24. cxb3 Qxc1 25. Rxc1 Rxc1+ 26. Bf1 Bc5+ 27. Kh1 Ree1 28. Qa8+ Kg7 29. g3 f3 0-1

[Event "Frankfurt-ch"]
[Site "Frankfurt"]
[Date "2006.05.22"]
[Round "5"]
[White "Enders, Georg"]
[Black "Branda, Ralf Claudio"]
[Result "1-0"]
[WhiteElo "1791"]
[BlackElo "2116"]
[PlyCount "95"]
[EventDate "2006.04.24"]
[EventType "swiss"]
[EventRounds "7"]
[EventCountry "GER"]
[SourceTitle "EXT 2007"]
[Source "ChessBase"]
[SourceDate "2006.11.23"]
[SourceVersion "1"]
[SourceVersionDate "2006.11.23"]
[SourceQuality "1"]

1. e4 c5 2. Nf3 d6 3. d4 cxd4 4. Nxd4 Nf6 5. Nc3 a6 6. Be3 Ng4 7. Qd2 Nxe3 8. Qxe3 g6 9. Bc4 Qc7 10. Bb3 Nd7 11. 0-0 Bg7 12. Rad1 Ne5 13. Nd5 Qd8 14. Qg5 h6 15. Qg3 h5 16. h3 h4 17. Qe3 Bh6 18. Qc3 Kd7 19. Qb4 Ke8 20. Qc3 Kd7 21. a4 e6 22. f4 Nc6 23. Nxc6 bxc6 24. Nf6+ Kc7 25. Ng4 Bb7 26. Ne5 Bg7 27. Qa5+ Kb8 28. Qb4 c5 29. Qd2 d5 30. Nxf7 Qb6 31. a5 Qa7 32. Kh1 Rf8 33. Ng5 c4 34. Bxc4 Rc8 35. Bb3 Bxb2 36. Nxe6 Bc3 37. Qd3 d4 38. e5 Bc6 39. Qxg6 Qe7 40. f5 Be4 41. Nxd4 Qxe5 42. Qb6+ Bb7 43. Rf3 Bxa5 44. Qe6 Qxe6 45. fxe6 Bxf3 46. gxf3 Ra7 47. Bd5 Bc3 48. Nc6+ 1-0

[Event "Hessen-chB"]
[Site "Marburg"]
[Date "2006.04.14"]
[Round "6.20"]
[White "Enders, Georg"]
[Black "Krischak, Werner"]
[Result "1-0"]
[WhiteElo "1781"]
[BlackElo "1721"]
[PlyCount "77"]
[EventDate "2006.04.13"]
[EventType "swiss"]
[EventRounds "7"]
[EventCountry "GER"]
[SourceTitle "EXT 2007"]
[Source "ChessBase"]
[SourceDate "2006.11.23"]
[SourceVersion "1"]
[SourceVersionDate "2006.11.23"]
[SourceQuality "1"]

1. e4 c6 2. d4 d5 3. Nc3 dxe4 4. Nxe4 Bf5 5. Ng3 Bg6 6. Nf3 e6 7. Ne5 Nd7 8. Nxg6 hxg6 9. h3 Qc7 10. c3 Ngf6 11. Bg5 Bd6 12. Ne2 Ne4 13. Be3 0-0-0 14. Qa4 Kb8 15. 0-0-0 c5 16. Qc2 f5 17. f3 Ng3 18. Nxg3 Bxg3 19. Kb1 c4 20. Bg5 Rc8 21. d5 e5 22. d6 Qc6 23. Be2 Bh4 24. Bxh4 Rxh4 25. Rd2 Nf6 26. Rhd1 Qd7 27. b3 cxb3 28. Qxb3 Rc5 29. Ka1 Ka8 30. Rb2 Rh8 31. Bb5 Qd8 32. d7 b6 33. Qe6 Kb7 34. Ba4 e4 35. Qd6 Rc7 36. fxe4 fxe4 37. Qe6 Rxc3 38. Rc2 Qc7 39. Rdc1 1-0

[Event "Hessen-chB"]
[Site "Marburg"]
[Date "2006.04.13"]
[Round "5.12"]
[White "Goloborodko, Dimitri"]
[Black "Enders, Georg"]
[Result "1-0"]
[WhiteElo "2031"]
[BlackElo "1781"]
[PlyCount "84"]
[EventDate "2006.04.13"]
[EventType "swiss"]
[EventRounds "7"]
[EventCountry "GER"]
[SourceTitle "EXT 2007"]
[Source "ChessBase"]
[SourceDate "2006.11.23"]
[SourceVersion "1"]
[SourceVersionDate "2006.11.23"]
[SourceQuality "1"]

1. d4 Nf6 2. Bg5 e6 3. Nf3 Be7 4. c4 h6 5. Bh4 b6 6. Nc3 Bb7 7. e3 d6 8. Bg3 Nbd7 9. Bd3 Nh5 10. 0-0 Ndf6 11. e4 Nxg3 12. hxg3 Qd7 13. d5 exd5 14. cxd5 0-0 15. Rc1 c6 16. dxc6 Bxc6 17. Nd4 Bb7 18. Nf5 g6 19. Ne3 Rfc8 20. Qb3 Kg7 21. Rfd1 Rc5 22. Rd2 Nxe4 23. Bxe4 Bxe4 24. Rcd1 Bc6 25. Ned5 Rd8 26. Qb4 Bg5 27. Qd4+ Kg8 28. f4 Be7 29. b4 Rxc3 30. Qxc3 Bxd5 31. Rxd5 Rc8 32. Qe3 Rc4 33. a3 Qc7 34. f5 Bg5 35. Qe8+ Kg7 36. fxg6 Bf6 37. Rxd6 Bd4+ 38. R1xd4 Rxd4 39. Rxd4 Qc1+ 40. Kh2 Qf1 41. Qxf7+ Qxf7 42. gxf7 Kxf7 1-0

[Event "Frankfurt-ch"]
[Site "Frankfurt"]
[Date "2005.06.06"]
[Round "6"]
[White "Enders, Georg"]
[Black "Radtke, Thoralf"]
[Result "0-1"]
[WhiteElo "1707"]
[BlackElo "1584"]
[PlyCount "108"]
[EventDate "2005.04.25"]
[EventType "swiss"]
[EventRounds "7"]
[EventCountry "GER"]
[SourceTitle "EXT 2006"]
[Source "ChessBase"]
[SourceDate "2005.11.24"]
[SourceVersion "1"]
[SourceVersionDate "2005.11.24"]
[SourceQuality "1"]

1. e4 e6 2. d4 d5 3. Nd2 c5 4. exd5 exd5 5. Bb5+ Nc6 6. Qe2+ Qe7 7. dxc5 Qxe2+ 8. Nxe2 Bxc5 9. Nb3 Bb6 10. Bf4 Nge7 11. Bd6 Be6 12. Ned4 0-0-0 13. Nxc6 Nxc6 14. Bg3 Bf5 15. 0-0 Rhe8 16. Rac1 a6 17. Bxc6 bxc6 18. Rfd1 Re4 19. Kf1 Rde8 20. Rd2 h5 21. h4 Rg4 22. Re1 Be4 23. Rde2 Re6 24. Nd2 Rf6 25. Nxe4 dxe4 26. Be5 Rf5 27. Bc3 Rxh4 28. Kg1 Rg4 29. Bd2 Re5 30. Be3 Bc7 31. Bc1 f5 32. b3 Re6 33. c4 Reg6 34. g3 h4 35. Kf1 hxg3 36. fxg3 Rxg3 37. Be3 Rh3 38. Rg2 Rh1+ 39. Bg1 Rxg2 40. Kxg2 Rh5 41. b4 Rg5+ 42. Kf1 Rg6 43. c5 Re6 44. Re2 f4 45. Rh2 Rh6 46. Rg2 Be5 47. Rg5 Bf6 48. Rg4 g5 49. Ke2 Rh4 50. Rxh4 gxh4 51. Bh2 Be5 52. Kf2 Kd7 53. a4 Bd4+ 54. Kf1 f3 0-1

[Event "Rhein Main op 08th"]
[Site "Bad Homburg"]
[Date "2005.05.27"]
[Round "4"]
[White "Enders, Georg"]
[Black "Hilbenz, Guntram"]
[Result "1-0"]
[WhiteElo "1707"]
[BlackElo "2076"]
[PlyCount "105"]
[EventDate "2005.05.25"]
[EventType "swiss"]
[EventRounds "7"]
[EventCountry "GER"]
[SourceTitle "EXT 2006"]
[Source "ChessBase"]
[SourceDate "2005.11.24"]
[SourceVersion "1"]
[SourceVersionDate "2005.11.24"]
[SourceQuality "1"]

1. e4 c5 2. Nf3 e6 3. d4 cxd4 4. Nxd4 a6 5. Nc3 Qc7 6. Bd3 Bc5 7. Nb3 Be7 8. 0-0 Nf6 9. Qe2 d6 10. f4 Nbd7 11. Be3 b6 12. Kh1 Bb7 13. Rae1 e5 14. f5 0-0 15. Nd2 Rfe8 16. h3 b5 17. a3 d5 18. Bf2 d4 19. Ncb1 Nc5 20. Rc1 Rac8 21. Kh2 Qb8 22. Rg1 Rc7 23. g4 Qa8 24. Rce1 Nxd3 25. cxd3 Nd7 26. g5 g6 27. f6 Bf8 28. Nf3 Rec8 29. Bg3 Rc2 30. Nbd2 Rxb2 31. Nxe5 Nxe5 32. Bxe5 Rcc2 33. Bf4 Bxa3 34. h4 Bb4 35. Rd1 Qc8 36. h5 Qc6 37. hxg6 hxg6 38. Qf2 Bc8 39. Rg3 Bc3 40. Kg1 Ra2 41. Rg2 Qe6 42. Rg3 Kf8 43. Qh2 Ke8 44. Qh8+ Kd7 45. Nf3 Kc6 46. Qd8 b4 47. Ne5+ Kb5 48. Nc4 Re2 49. Nd6+ Ka4 50. Nxc8 Ra1 51. Rxa1+ Bxa1 52. Nb6+ Kb3 53. Nc4 1-0

[Event "Rhein Main op 08th"]
[Site "Bad Homburg"]
[Date "2005.05.26"]
[Round "2"]
[White "Enders, Georg"]
[Black "Schroeder, Klaus"]
[Result "1-0"]
[WhiteElo "1707"]
[BlackElo "2041"]
[PlyCount "73"]
[EventDate "2005.05.25"]
[EventType "swiss"]
[EventRounds "7"]
[EventCountry "GER"]
[SourceTitle "EXT 2006"]
[Source "ChessBase"]
[SourceDate "2005.11.24"]
[SourceVersion "1"]
[SourceVersionDate "2005.11.24"]
[SourceQuality "1"]

1. e4 d5 2. exd5 Qxd5 3. Nc3 Qa5 4. d4 c6 5. Nf3 Bf5 6. Bd3 Bg6 7. Ne5 e6 8. 0-0 Nf6 9. Be3 Be7 10. Bxg6 hxg6 11. a3 Nbd7 12. b4 Qc7 13. f4 Nd5 14. Nxd5 cxd5 15. Rc1 b5 16. Qf3 Nf6 17. c4 Qb7 18. c5 0-0 19. Rc2 Ne4 20. Rfc1 a5 21. Bd2 Nxd2 22. Rxd2 axb4 23. axb4 Ra4 24. Rb2 Rfa8 25. Qe2 Qa6 26. Kf2 Rc8 27. Rc3 Bh4+ 28. Kf3 Ra3 29. Rxa3 Qxa3+ 30. Kg4 Be7 31. Nxg6 f5+ 32. Kh5 Kf7 33. Ra2 Qxb4 34. Ra6 e5 35. Qxe5 Rh8+ 36. Nxh8+ Kg8 37. Ra8+ 1-0